000
00300nam a22001097a 4500
040
_c
SY
082
_a
333
100
_a
NA
245
_a
Forestry sector regulations, លិខិតបទដ្ឋាន-ច្បាប់នៃវិស័យព្រៃឈើ
260
_a
RUA
_b
NA
_c
2006
942
_c
KB
999
_c
9636
_d
9636